000 00708nam a2200253Ia 4500
003 OSt
005 20221005050419.0
006 a|||||r|||| 00| 0
007 ta
008 221004b |||||||| |||| 00| 0 eng d
024 _a20127
037 _cTextual
040 _aCRL
_cCRL
_beng
041 _2eng
_aeng
082 _aND4436H;7, M3
100 _aShukla S P
245 0 _aSculptures and Terracottas in the archaeological museum in Kurukshetra University
260 _aKurukshetra
_bKurukshetra University India
_c1983
300 _a77p.
_ccm.
650 _a ARTS
650 _aSCULPTURE
_942083
942 _hND4436H;7, M3
_cTEXL
_2cc
999 _c957011
_d957011